Niels Bohr : científico, filósofo, humanista /

محفوظ في:
التفاصيل البيبلوغرافية
المؤلف الرئيسي: García-Colín Scherer, Leopoldo (autor)
مؤلفون آخرون: Mazari Menzer, Marcos (autor) (autor), Moshinsky, Marcos (autor) (autor)
التنسيق: كتاب
اللغة:الإسبانية
منشور في: México : Fondo de Cultura Económica : Secretaría de Educación Pública : CONACYT, 1986, c1986
سلاسل:(La Ciencia desde México ; 14)
الموضوعات:
الوسوم: إضافة وسم
لا توجد وسوم, كن أول من يضع وسما على هذه التسجيلة!

MARC

LEADER 00000nam^a2200000^a^4500
001 000028687
005 20250521000000.0
009 20260310084857.291
020 |a 968-16-2458-0 
037 |a Acervo ITESO - Biblioteca 
041 |a ESP 
082 |a 500.  |b CIE S. 1 V. 14 
100 |a García-Colín Scherer, Leopoldo  |e (autor) 
245 1 0 |a Niels Bohr :  |b científico, filósofo, humanista /  |c L. García-Colín S., M. Mazari Menzer, M. Moshinsky. 
264 4 |a México :  |b Fondo de Cultura Económica :  |b Secretaría de Educación Pública :  |b CONACYT,  |c 1986, c1986 
300 |a 129 p. 
336 |a texto  |b txt  |2 rdacontenido 
337 |a sin mediación  |b n  |2 rdamedio 
338 |a volumen  |b nc  |2 rdasoporte 
440 3 |a (La Ciencia desde México ;  |v 14) 
649 |a XX 
650 |a Físicos Daneses -  |x Homenajes 
650 |a Física Nuclear 
650 |a Física 
650 |a Ciencia -  |x Difusión 
650 |a Bohr, Niels -  |x Tema Principal 
600 |a Mecánica Cuántica 
700 |a Mazari Menzer, Marcos  |e (autor) 
700 |a Moshinsky, Marcos  |e (autor) 
910 |a Fondo General 
920 |a Impresos - Libros 
930 |a Colección General 
905 |a 101 
901 |a 0286870100  |b IT1  |c ACC  |i 028687  |u 20250521 
901 |a 0286870200  |b IT1  |c ACC  |i 904155  |u 20250521 
902 |a https://opac.biblio.iteso.mx/vufind/Record/000028687